Statistics for The Digestive System

Click here to take the quiz!

General Stats

  • This quiz has been taken 57 times
  • The average score is 13 of 25

Answer Stats

QuestionsAnswer% Correct
The organ which produces bileLiver
89%
The organ which churns foodStomach
89%
The organ that stores bileGallbladder
82%
Where waste leaves our bodyAnus
80%
produces enzymes and secretes them into the small intestinePancreas
76%
Removes excess water from wasteLarge Intestine
73%
Begins mechanical digestion in the mouthTeeth
71%
The tube which food travels down to get to our stomachEsophagus
69%
Completes the digestion of food and absorbs nutrientsSmall Intestine
67%
Where waste is storedRectum
62%
Glands that moisten our food so it is easier to swallowSalivary Glands
60%
Located on large intestine; has no functionAppendix
58%
Stops food from going down our TracheaEpiglottis
53%
2nd stage of Digestive SystemDigestion
51%
A type of protein that speeds up the rate of a chemical reaction in your bodyEnzyme
49%
Something in the ilium which absorbs nutrientsVilli
47%
1st stage of Digestive SystemIngestion
33%
3rd stage of Digestive SystemAbsorption
31%
This process begins when you chew your food, mixing it with salivaMechanical Digestion
31%
This process begins when the saliva starts breaking down starch and making it sugarChemical Digestion
29%
Tongue, teeth, salivary glands, liver, gallbladder, and pancreasAccessory Organs
16%
Made up of the mouth, esophagus, stomach, small intestine, large intestine, rectume, and anusDigestive Tract
16%
4th stage of Digestive SystemElimination
16%
Closes nasal passages when swallowingUvula
11%
Substances in food that provide energy and materials for cell development, growth, and repairNutrition
4%

Score Distribution

Percentile by Number Answered

Percent of People with Each Score

Your Score History

You have not taken this quiz